Sharks by Picture - Statistics

General Stats
  • This quiz has been taken 2,130 times
  • The average score is 11 of 16
Answer Stats
Picture Answer % Correct
Hammerhead Shark
98%
Great White Shark
97%
Tiger Shark
94%
Whale Shark
86%
Blacktip Reef Shark
84%
Basking Shark
83%
Mako Shark
78%
Saw Shark
75%
Greenland Shark
73%
Lemon Shark
73%
Thresher Shark
64%
Leopard Shark
62%
Wobbegong
41%
Frilled Shark
38%
Pacific Angelshark
27%
Salmon Shark
21%
No matching quizzes found
Score Distribution
Percent of People with Each Score
Percentile by Number Answered
Your Score History
You have not taken this quiz